000 00459nam a2200169 a 4500
001 000019803
005 20200929170139.0
008 100707s1976 mx a r 000 p spa d
040 _aDO-SdBNP
_bspa
_cBNPHU
082 _aM860
_bR758c
245 0 0 _aRomancero del Cid.
260 _aMéxico D. F. :
_bEditora Nacional,
_c1976.
300 _a352 p. :
_bil. ;
_c18 cm.
650 4 _aPoesía mexicana
_99120
650 4 _aLiteratura mexicana
_91922
049 _aBNGR
999 _c19316
_d19316